| 000 | 00771cam a22002531a 4500 | ||
|---|---|---|---|
| 001 | 74449 | ||
| 003 | BD-RjUL | ||
| 005 | 20211209082543.0 | ||
| 008 | 711020s1966 nyua b 000 0 eng | ||
| 035 | _a(BD-RjUL) | ||
| 040 |
_aDLC _cDLC _dDLC _beng |
||
| 041 | _aeng | ||
| 082 | 0 | 0 | _a574.192 |
| 100 | 1 |
_aJukes, Thomas H. _q(Thomas Hughes), _d1906-1999. _9222987 |
|
| 245 | 1 | 0 |
_aMolecules and evolution / _c[by] Thomas H. Jukes. |
| 260 |
_aNew York ; London : _bColumbia University Press, _cc1966.[printing 1968] |
||
| 300 |
_avi, 285 p. _billus. (part col.) _c24 cm. |
||
| 504 | _aBibliography: p. [267]-282. | ||
| 505 | _aIncludes Index | ||
| 650 | 0 |
_aMolecular biology. _9222988 |
|
| 650 | 0 |
_aEvolution (Biology) _9222989 |
|
| 942 |
_2ddc _cBK |
||
| 999 |
_c74449 _d74449 |
||